Czy rozpoznasz piłkarza po przebiegu jego kariery ? - Statystyki

Ogólne statystyki
  • Ten quiz został rozwiązany 4 305 razy
  • Średni wynik to 6 z 8
Statystyki odpowiedzi
Przebieg Kariery Piłkarz % Poprawnych
(1992-2017) AS Roma Totti
93%
(1973–1975) Zawisza Bydgoszcz, (1975–1982) Widzew Łódź, (1982–1985) Juventus FC, (1985–1988) AS Roma Boniek
87%
(2001–2004) Boca Juniors, (2005–2006) Corinthians Paulista, (2006–2007) West Ham United, (2007–2009) Manchester United, (2009–2013) Manchester City, (2013–2015) Juventus FC, (2015–2016) Boca Juniors, (2017) Shanghai Shenhua, (2018–...) Boca Juniors Tevez
84%
(1998–2001) Grêmio Porto Alegre, (2001–2003) Paris Saint-Germain, (2003–2008) FC Barcelona, (2008–2011) A.C. Milan, (2011–2012) CR Flamengo, (2012–2014) Atlético Mineiro, (2014–2015) Querétaro FC, (2015) Fluminense FC Ronaldinho
79%
(2009–2010) São Paulo, (2010–2012) SC Internacional, (2012–2017) Chelsea, (2017– ...) Shanghai SIPG Oscar
77%
(2002–2008) Wisła Płock, (2008–2010) Lech Poznań, (2011–2013) 1. FC Köln, (2012–2013) Wolverhampton Wanderers (wyp.), (2013–2014) Parma, (2013–2014) 1. FC Köln (wyp.), (2014–2015) 1. FC Köln, (2015– …) Lechia Gdańsk, (2018– …) Wisła Kraków (wyp.) Peszko
66%
(2002–2004) Leeds United, (2004–2008) Newcastle United, (2008–2010) Aston Villa, (2010–2015) Manchester City, (2015–...) Liverpool Milner
65%
(1991–1993) Hutnik Kraków, (1993–1997) Górnik Zabrze, (1997–2000) MSV Duisburg, (2000–2004) FC Schalke 04, (2004–2005) 1. FC Nürnberg, (2005) Southampton , (2006) Derby County, (2006–2007) ŁKS Łódź , (2007–2009) Górnik Zabrze, (2009-2010) ŁKS Łódź Hajto
64%
Nie znaleziono quizów pasujących do podanych kryteriów
Rozkład punktacji
Procent ludzi z każdym wynikiem
Percentyl według liczby udzielonych odpowiedzi
Twoja historia wyników
Nie rozwiązałeś tego quizu